Истанбул и Западна Турция (Запис номер 41544)
[ съкратено ]
| 000 -Лидер | |
|---|---|
| Контролно поле с фиксирана дължина | 01739nam a2200433 c 4500 |
| 003 - Код на организацията, давaща контролен номер | |
| Контролно поле | BLK |
| 005 - Дата и час на последна редакция | |
| Контролно поле | 20250725084101.0 |
| 008 - Елементи от данни с фиксирана дължина | |
| fixed length control field | 180408b bul|||||r ||||||| ||bul|| |
| 010 ## - Наследен системен номер | |
| LC control number | KNG00045109000 |
| 020 ## - Международен стандартен номер на книга ISBN | |
| Международен стандартен номер на книга ISBN | 978-954-27-0702-8 |
| -- | издат.: Егмонт България |
| 040 ## - Източник на каталожния запис | |
| Идентификатор на билиотеката - собственик на записа | BLK |
| 041 ## - Код за език | |
| Код за езика на текст/звукозапис или на отделно заглавие | Български |
| Код за езика КДБФ | Български |
| 072 #7 - Код за тематичната категория | |
| Код организация | bullib |
| Код за тематична категория | Н91 |
| Текст | География Н |
| 080 ## - УДК | |
| Текстов определител УДК | Краезнание |
| УДК код - определител по УДК | 908 |
| УДК определител | (560-25)(036) |
| УДК - код + определител | 908(560-25)(036) |
| 100 1# - Редна дума - Автор | |
| Автор | Ръдърфорд, Тристан |
| Авторска отговорност | първи автор |
| R(LIN) | 277818 |
| 139 ## - Редно поле | |
| Редна дума | Ръдърфорд, Тристан и др. |
| Авторски знак | Ръ - Р 97 |
| 245 10 - Сведения за заглавието | |
| Заглавие | Истанбул и Западна Турция |
| Редно поле (дума) | Тристан Ръдърфорд; съавт. Катрин Томасети; прев. Анелия Янева. |
| 257 ## - Страна на издаване | |
| Страна на създаване/издаване | Съединени американски щати |
| 260 ## - Област на издателските данни | |
| -- | София |
| Име на издателя, разпространителя и проч. | Егмонт България |
| Година на издаване | 2011 |
| Печатница | София : Лито Балкан |
| 300 ## - Физическа характеристика | |
| Страници | 271 с. |
| Илюстрации и др. | с цв. ил. |
| Размери/Мащаб | 22 см |
| 380 ## - Жанр | |
| Жанр | География |
| 490 1# - СЕРИИ (Колекции) | |
| Име на серия | National Geographic пътеводител |
| 500 ## - Общи забележки | |
| Забележка | Без сведение за ориг. загл. - Азб. показалец |
| 650 #4 - Допълнително описание по предмет – тема | |
| Основно описание – тема или топоним | Градове - Турция |
| 9 (RLIN) | 277265 |
| 651 #4 - Допълнително описание по предмет - топоним | |
| Географско понятие | Турция |
| 9 (RLIN) | 179691 |
| 651 #4 - Допълнително описание по предмет - топоним | |
| Географско понятие | Истанбул |
| 9 (RLIN) | 277264 |
| 653 ## - Ключова дума – ненормативна | |
| Ключова дума | Истанбул |
| 653 ## - Ключова дума – ненормативна | |
| Ключова дума | пътеводители |
| 653 ## - Ключова дума – ненормативна | |
| Ключова дума | градове |
| 659 ## - Тематичен бюлетин | |
| Тематичен бюлетин | Н |
| 700 1# - Други автори (авторска отговорност) | |
| Лично име | Томасети, Катрин |
| Автороска отговорност (Описва отношението между автора и произведението) | съавт. |
| 9 (RLIN) | 130004 |
| 700 1# - Други автори (авторска отговорност) | |
| Лично име | Янева, Анелия |
| Автороска отговорност (Описва отношението между автора и произведението) | прев. |
| 9 (RLIN) | 365790 |
| 852 ## - Местоположение | |
| Форматна сигнатура | Цб 254204 |
| 856 4# - Електронен адрес и достъп | |
| Електронен формат | pdf - файл |
| Път до файла /url/ | |
| 856 4# - Електронен адрес и достъп | |
| Електронен формат | pdf - файл |
| Път до файла /url/ | |
| 942 ## - АРТИКУЛИ | |
| Вид на библиотечния материал | Книги |
| Скрит в OPAC | Не |
| Koha issues (borrowed), all copies | 21 |
| 944 ## - СЪЗДАВАНЕ И РЕДАКЦИЯ на ЗАПИСА | |
| Създаване/Редакция | Създаване |
| Дата на регистрацията/редакция | 30.12.2011 |
| Статус, дата на статуса | Минев Младен |
| Служител, извършил регистрацията/редакцията | 30530 |
| 944 ## - СЪЗДАВАНЕ И РЕДАКЦИЯ на ЗАПИСА | |
| Създаване/Редакция | Редакция |
| Дата на регистрацията/редакция | 16.12.2016 |
| Статус, дата на статуса | ф / |
| Служител, извършил регистрацията/редакцията | Виолета_Тройчева |
| 999 ## - СИСТЕМНИ КОНТРОЛНИ НОМЕРА | |
| Koha biblionumber | 41544 |
| Koha biblioitemnumber | 41544 |
| Код за отписване | Код за изгубен артикул | Код за повреда | Коз за рестрикции | Код за отдаване | Артикулен № | Име на библиотеката - собственик | Име на библиотеката, в която се намира в момента | Статус (Текущо местоположение) | Дата на вписване в системата | Местоположение - отдел | Цена в лева | Инвентарен номер | Систематично азбучна сигнатура | Баркод | Номер на екземпляра | Цена в евро | Служебна бележка | Служебен тип на артикула |
|---|---|---|---|---|---|---|---|---|---|---|---|---|---|---|---|---|---|---|
| Не е изгубен | Не е повреден | без рестрикции | заемане за дома | 65150 | Регионална библиотека "Любен Каравелов" Русе | Регионална библиотека "Любен Каравелов" Русе | Заемна - подръчен фонд | 2011-12-16 | Заемна - подръчен фонд | 19.90 | 120000755730 | П 908/Р 97 | 120000755730 | 1 | 10.17 | Дост: Pk Вид: Ф N: 251 Дата: 15.12.2011 Дата инв: 07.02.2018 Бележки инв: П2018 | Книги | |
| Не е изгубен | Не е повреден | без рестрикции | ползва се в читалня | 65151 | Регионална библиотека "Любен Каравелов" Русе | Регионална библиотека "Любен Каравелов" Русе | Читалня | 2012-11-27 | Читалня | 19.90 | 120000761793 | Ч 908/Р 97 | 120000761793 | 2 | 10.17 | Дост: Pk Вид: Ф N: 323 Дата: 19.11.2012 Дата инв: 30.03.2017 Бележки инв: Ч2017 | Книги | |
| Не е изгубен | Не е повреден | без рестрикции | ползва се в читалня | 65152 | Регионална библиотека "Любен Каравелов" Русе | Регионална библиотека "Любен Каравелов" Русе | Хранилище | 2013-04-03 | Хранилище | 19.90 | 120000765378 | Цб 254204 | 120000765378 | 3 | 10.17 | Дост: Dp Вид: Д N: 1 Дата: 09.01.2012 | Книги | |
| Не е изгубен | Не е повреден | без рестрикции | заемане за дома | 65153 | Регионална библиотека "Любен Каравелов" Русе | Регионална библиотека "Любен Каравелов" Русе | Заемна - подръчен фонд | 2016-05-31 | Заемна - подръчен фонд | 19.90 | 120000800605 | П 908/Р 97 | 120000800605 | 4 | 10.17 | Дост: Pk Вид: Ф N: 461 Дата: 30.05.2016 Дата инв: 07.02.2018 Бележки инв: П2018 | Книги |